|
|
|
|
| LEADER |
01231nam a2200301 a 4500 |
| 001 |
c000166418 |
| 003 |
CARM |
| 005 |
20030624103406.0 |
| 008 |
950223s1994 acaa f000 0 eng d |
| 019 |
1 |
|
|a 11368470
|z 21751875
|5 LACONCORD2021
|
| 020 |
|
|
|a 0644426659
|
| 035 |
|
|
|a (OCoLC)38354647
|5 LACONCORD2021
|
| 040 |
|
|
|a ANL
|b eng
|c ANL
|d ANL
|
| 042 |
|
|
|a anuc
|
| 043 |
|
|
|a u-at---
|
| 082 |
0 |
4 |
|a 331.252913550994
|2 20
|
| 110 |
1 |
|
|a Australia.
|b Military Superannuation and Benefits Board.
|
| 245 |
1 |
4 |
|a The MSBS book /
|c The Military Superannuation and Benefits Board.
|
| 246 |
3 |
|
|a The Military Superannuation and Benefits Scheme book
|
| 260 |
|
|
|a Canberra :
|b Australian Govt. Pub. Service,
|c c1994.
|
| 300 |
|
|
|a viii, 43 p. :
|b ill. ;
|c 26 cm.
|
| 500 |
|
|
|a "Military Superannuation and Benefits Scheme"--Cover.
|
| 610 |
2 |
0 |
|a Military Superannuation and Benefits Scheme (Australia)
|
| 650 |
|
0 |
|a Retired military personnel
|x Pensions
|z Australia.
|
| 650 |
|
0 |
|a Pension trusts
|z Australia.
|
| 852 |
8 |
|
|b CARM
|h A2:AN25F0
|i C06025
|p 0230161
|f BK
|
| 999 |
f |
f |
|i b7aea368-d89d-5dc7-b1e6-51a21324cc68
|s c3b53faf-c98d-5556-bae3-55af36f3a8f3
|
| 952 |
f |
f |
|p Can circulate
|a CAVAL
|b CAVAL
|c CAVAL
|d CARM 1 Store
|e C06025
|f A2:AN25F0
|h Other scheme
|i book
|m 0230161
|